Novelle orientali /

সংরক্ষণ করুন:
গ্রন্থ-পঞ্জীর বিবরন
প্রধান লেখক: Yourcenar, Marguerite (লেখক)
অন্যান্য লেখক: Spaziani, Maria Luisa
বিন্যাস: গ্রন্থ
ভাষা:ইতালিয়
প্রকাশিত: Milano : Biblioteca Universale Rizzoli, 1998
মালা:BUR. La scala
ট্যাগগুলো: ট্যাগ যুক্ত করুন
কোনো ট্যাগ নেই, প্রথমজন হিসাবে ট্যাগ করুন!

MARC

LEADER 00000nam a22000007i 4500
001 IT\ICCU\TO0\0626756
003 ItRI
005 20251216185343.0
008 980507s1998 it |||||| ||||| |||||c
020 |a 8817106135 
040 |b ita  |c Arcigay Viterbo 
041 7 |a ita  |2 ISO-639-2 
082 |a 843.914  |2 21 
100 1 |a Yourcenar, Marguerite  |0 IT\ICCU\CFIV\000432  |4 aut 
240 1 0 |a Nouvelles orientales  |9 Yourcenar, Marguerite 
245 1 0 |a Novelle orientali /  |c Marguerite Yourcenar ; traduzione di Maria Luisa Spaziani. 
260 |a Milano :  |b Biblioteca Universale Rizzoli,  |c 1998 
300 |a 141 p. ;  |c 20 cm 
700 1 |a Spaziani, Maria Luisa  |0 IT\ICCU\CFIV\010813 
830 0 |a BUR. La scala  |0 IT\ICCU\VIA\0062777 
942 |2 ddc  |c BK  |n 0 
952 |0 0  |1 0  |2 ddc  |4 0  |6 843_914000000000000_YOU_NOV  |7 0  |9 10078  |a VT  |b VT  |d 2025-12-16  |e Dono di Ennio Piccirilli  |i B545  |l 0  |o 843.914 YOU NOV  |p B545  |r 2025-12-16 18:54:42  |w 2025-12-16  |y BK  |z Dono di Ennio Piccirilli 
981 1 |6 z01  |a i   |b xxxe  
982 1 |6 z01  |a n 
999 |c 8396  |d 8396